Prečo muži na Slovensku umierajú skôr

Bibliographic Details
Main Author: Ginter, Emil, 1931- (Author)
Format: Article
Language:Slovak
PhysicalDescription:Fotogr., grafy
Subjects:

MARC

LEADER 00000nab a2200000 a 4500
001 vtls000750876
003 SK-MaSNL
005 20260302192634.0
008 160405c2001 xo 0 slo
015 |a SNBRB2001/03-08597 
035 |a CLN000102672 
040 |a SNKBUCL  |b slo  |c SNKBUCL  |e AACR2 
041 0 |a slo 
044 |a xo  |c SK 
080 |a 312.24-055.1  |2 1997 
080 |a 616-055.1  |2 1997 
100 1 |a Ginter, Emil,  |d 1931-  |4 aut  |9 110418 
245 1 0 |a Prečo muži na Slovensku umierajú skôr  |c Emil Ginter 
300 |b Fotogr., grafy 
650 0 7 |a muži  |x úmrtnosť  |x štatistika zdravotnícka  |z Slovensko  |2 snkbucl  |9 910105 
650 0 7 |a úmrtnosť  |x muži  |2 snkbucl  |9 910106 
655 7 |a články z novín a časopisov  |2 snkbucl  |9 267496 
773 0 |t Národná obroda  |g Roč. 12, č. 55 (7.3.2001), s. 9 
850 |a Slovenská národná knižnica v Martine 
852 |a SNK  |b KIS3GCP 
958 |a SK 
958 |a MI 
958 |a RBX 
999 |c 1441521  |d 1443451